| 000 | 00487nam a22002057a 4500 | ||
|---|---|---|---|
| 003 | bpm | ||
| 005 | 20260415094320.0 | ||
| 008 | 260415b |||||||| |||| 00| j spa d | ||
| 020 | _a9506201935 | ||
| 024 | _aS. C. C. / M. C. y E. M.: | ||
| 040 | _aAR-CtUCP | ||
| 041 | _aspa | ||
| 080 | _aCDU | ||
| 100 | _aSaki | ||
| 245 |
_aJuguetes de paz : _bEl huevo cuadrado |
||
| 260 |
_aBuenos Aires _bClaridad _c2006 |
||
| 650 | _aLiteratura - Cuento | ||
| 942 | _cLIB | ||
| 999 |
_c76640 _d76640 |
||